| 000 | 00656nam a2200217 u 4500 | ||
|---|---|---|---|
| 005 | 20240924071106.0 | ||
| 008 | 170530s2005 mx r 000 0 spa d | ||
| 020 | _a9681675967 | ||
| 035 | _aUPN01000218271 | ||
| 049 | _aCG | ||
| 050 | 4 |
_aPQ7392 P6.6 _bA7.7 |
|
| 100 | 1 |
_aPonte, José Antonio, _d1964- _940684 |
|
| 245 | 1 | 3 |
_aUn arte de hacer ruinas : _by otros cuentos / _cJosé Antonio Ponte ; pról. bibliografía y notas de Esther Whitflield. |
| 260 |
_aMéxico : _bFCE, _c2005. |
||
| 300 | _a191 p. | ||
| 440 | 0 | _aAulaatlántica | |
| 650 | 4 |
_aCUENTOS CUBANOS _95073 |
|
| 650 | 2 |
_aLiteratura cubana _96053 |
|
| 905 | _aLibro | ||
| 999 |
_c190371 _d190371 |
||